00776cam a22002297a 4500003000500000005001700005008004100022010001000063011001000073020001500083035001000098040000900108100004200117245005700159260009100216300002600307490006600333650003300399650003100432650001700463830006600480CHAP20220329142442.0010306b2000 mx ab r 00010 spa d a83718 a84690 a9687863684 a95216 cCHAP00aVillarreal Quintanilla, José Angel.10aFamilia Sambucaceaec/por José Angel Villarreal Q. aPátzcuaro, Mich. :bInstituto de Ecología A.C. Centro Regional del Bajío,c2000. a5 p. :bilus. ; mapas 0aFlora del Bajío y de Regiones Adyacentes. Fascículov; 8514aBotánicaxClasificación.14aPlantasxIdentificación.14aSambucaceae.0 aFlora del Bajío y de Regiones Adyacentes. Fascículov; 85